Extreme Parkour / (Record no. 49780)
| 000 -LEADER | |
|---|---|
| fixed length control field | 00693nam a2200193 4500 |
| 020 ## - INTERNATIONAL STANDARD BOOK NUMBER | |
| International Standard Book Number | 9781634704878 |
| 035 ## - SYSTEM CONTROL NUMBER | |
| System control number | 19006074 |
| 082 ## - DEWEY DECIMAL CLASSIFICATION NUMBER | |
| Classification number | 797.2 |
| Edition number | 23 |
| 100 1# - MAIN ENTRY--PERSONAL NAME | |
| Personal name | Loh-Hagan, Virginia. |
| Relator term | author. |
| 9 (RLIN) | 86902 |
| 245 10 - TITLE STATEMENT | |
| Title | Extreme Parkour / |
| Statement of responsibility, etc | by Virginia Loh-Hagan. |
| 260 ## - PUBLICATION, DISTRIBUTION, ETC. (IMPRINT) | |
| Name of publisher, distributor, etc | 45th Parallel Press. |
| Date of publication, distribution, etc | January 1, 2016. |
| 300 ## - PHYSICAL DESCRIPTION | |
| Extent | 32 pages : |
| Other physical details | color illustrations ; |
| Dimensions | 25 cm. |
| 490 ## - SERIES STATEMENT | |
| Series statement | Nailed it! |
| 650 ## - SUBJECT ADDED ENTRY--TOPICAL TERM | |
| Topical term or geographic name as entry element | Extreme sports |
| Form subdivision | Juvenile literature. |
| 9 (RLIN) | 45158 |
| 653 #0 - INDEX TERM--UNCONTROLLED | |
| Uncontrolled term | Extreme cliff diving. |
| 942 ## - ADDED ENTRY ELEMENTS (KOHA) | |
| Source of classification or shelving scheme | |
| Koha item type | Book |
| Withdrawn status | Lost status | Source of classification or shelving scheme | Damaged status | Not for loan | Home library | Current library | Date acquired | Total Checkouts | Full call number | Barcode | Date last seen | Price effective from | Koha item type |
|---|---|---|---|---|---|---|---|---|---|---|---|---|---|
| Logos International School | Logos International School | 11/17/2025 | J 797.2 LOH | 041968 | 11/18/2025 | 11/17/2025 | Book |